000 00945nam a2200193 a 4500
008 090324s1999 ||||||||||||||||| || u
020 _a0797420185
050 _aTD 789.A35 Cle
100 _aYap, Nonita T
245 1 0 _aCleaner production and consumption: challenges and opportuinties in East and Southern Africa
_cedited by Notita T. Yap
260 _aHarare
_bWeaver
_c1999
300 _axiv, 186p.:ill
350 _a0.00
490 _aEnvironmental Roundtable series
650 _aREFUSE AND REFUSE DISPOSAL--AFRICA, EAST--CASE STUDIES
650 _aSANITATION--DEVELOPING COUNTRIES
995 _aMAIN LIBRARY OPEN ACCESS
_D0.00
_e740029
_FCBU-MAIN LIBRARY (Kitwe)
_H1
_I0.00
_jTD 789.A35 CLE
_M1
_UAVAILABLE
_WMay 14, 2009
_y740029
_ZMain Library Open Access Collection
995 _aMAIN LIBRARY OPEN ACCESS
_D0.00
_e740028
_FCBU-MAIN LIBRARY (Kitwe)
_H1
_I0.00
_jTD 789.A35 CLE
_M2
_UAVAILABLE
_WMay 14, 2009
_y740028
_ZMain Library Open Access Collection
999 _c79399
_d79399